[Event "GER-ch U08"]
[Site "Willingen"]
[Date "2024.05.25"]
[Round "7"]
[White "Yarmish, Tymofeii"]
[Black "Sriram, Aumkar"]
[Result "0-1"]
[WhiteElo "1087"]
[BlackElo "1610"]
[PlyCount "82"]
[EventDate "2024.05.22"]
[EventType "swiss"]
[EventRounds "7"]
[EventCountry "GER"]
[SourceTitle "CB27_2024"]
[SourceDate "2024.07.03"]
[SourceVersion "1"]
[SourceVersionDate "2024.07.03"]
[SourceQuality "1"]

1. e4 e6 2. d4 d5 3. e5 c5 4. c3 Qb6 5. Nf3 Nc6 6. Be2 cxd4 7. cxd4 Nge7 8. 0-0 Nf5 9. Be3 Be7 10. Qd2 0-0 11. Nc3 Bd7 12. a3 Na5 13. Rab1 Nc4 14. Bxc4 dxc4 15. d5 Nxe3 16. fxe3 Bc5 17. Rfe1 exd5 18. Nxd5 Qd8 19. Kh1 Bg4 20. Rf1 Bxf3 21. Rxf3 Kh8 22. Rbf1 Qd7 23. b4 cxb3 24. e4 Qb5 25. Nc7 Rad8 26. Nxb5 Rxd2 27. Rxb3 Re2 28. g3 Rxe4 29. Nd6 Rxe5 30. Nxb7 Bb6 31. Nd6 Kg8 32. Nc4 Re6 33. Rd1 h6 34. Rd7 Re1+ 35. Kg2 Re2+ 36. Kh3 Bg1 37. Kg4 Rxh2 38. Nd2 f5+ 39. Kf4 Rf2+ 40. Ke5 Re8+ 41. Kd5 Rxd2+ 0-1